000 00314nam a22001337a 4500
003 OSt
005 20230613085638.0
008 230613b |||||||| |||| 00| 0 eng d
040 _csero soft
100 _aThakur,Jitender
245 _akhel chikitsa physiotherepy tatha punarvas
300 _a250
942 _2ddc
_c01
999 _c56755
_d56755